Football par lettre - A - Statistiques

Statistiques générales
  • Ce quiz a été pris 1 388 fois
    1 362 depuis la dernière actualisation
  • Le résultat moyen est 8 sur 11
Statistiques - réponses
Indices Solutions % Correct
Club de football anglais basé à Londres dont le surnom est "Gunners" Arsenal
100%
Sélection africaine vainqueur de la Coupe d'Afrique des Nations en 2019 Algérie
94%
Pierre-Emerick Aubameyang
91%
Que veut dire le A de l'AS Monaco ? Association
85%
Nom de famille du président de l'Olympique Lyonnais Aulas
81%
Cette équipe française a perdu en finale de Ligue des Champions face au Bayern Munich en 1976 ASSE
73%
Equipe espagnole où jouent les frères Williams Athletic Bilbao
67%
L'actuel numéro 11 du Real Madrid (saison 2021-2022) Asensio
50%
Club Italien surnommé la Dea Atalanta
45%
Prénom du Ballon d'Or 2004 Andriy / Andrei
43%
Nom du stade où évolue le Stade de Reims lors des rencontres à domicile Auguste-Delaune
30%
Aucun quiz correspondant
Distribution des résultats
% des personnes avec chaque résultat
Percentile par nombre de réponses
Votre historique - résultats
Vous n’avez pas pris ce quiz depuis la dernière actualisation